000 01673cam a22004814i 4500
003 PE-LiUPU
005 20250731173502.0
008 150616s r 000 0 d
020 _a0943575354
035 _a(Sirsi) i9780943575353
040 _aPE-LiUPU
_bspa
_cPE-LiUPU
_erda
049 _aPRUA
082 0 4 _a223.206
_bB36
_221
100 1 _aBellinger, W. H.,
_eautor.
245 1 0 _aPsalms :
_bReading and Studying the Book of Praises /
_cW. H. Bellinger.
264 1 _aMassachusetts :
_bHendrickson Publishers,
_c1992.
300 _a166 páginas ;
_c21 centímetros
336 _atext
_2rdacontent
337 _aunmediated
_2rdamedia
338 _avolume
_2rdacarrier
504 _aBibliografía al pie de pág.
505 0 _aLesson from the past -- Reading the Psalms -- Laments: out of the depths -- Psalms of praise: enthroned on the praises of Israel -- .
526 _aSEG42
526 _aSEG41
526 _aSEG40
526 _aSEG39
526 _aP94
526 _aP87
526 _aP86
526 _aP85
526 _aP77
526 _aP76
526 _aP35
630 _aBiblia.
_pA.T.
_pSalmos
_xCrítica, interpretación, etc.
650 0 4 _a
910 _ajck
_bjvq
_cjck
942 _2ddc
_cBOOK
949 _a223.206 B36
_wDEWEY
_c1
_i40326
_lCCODEBUL1
_mBUL
_r0
_sY
_tBOOK
_u2015-6-16
_xTEOLOGIA
_zUNKNOWN
_0COMPRA
_o.STAFF. Colección General
994 _aC0
_bPEPRU
596 _a1
999 _a223.206 B36
_wDEWEY
_c58129
_i40326
_d58129
_f2021-11-9
_g5
_lCCODEBUL1
_mBUL
_q1
_r0
_sY
_tBOOK
_u2015-6-16
_xTEOLOGIA
_zUNKNOWN
_0COMPRA
_o.STAFF. Colección General
980 _81
_gALBERTO SANCHEZ Responsable de Automatización